| 000 | nam a22 a 4500 | ||
|---|---|---|---|
| 999 |
_c471832 _d471832 |
||
| 003 | BLK | ||
| 005 | 20220825131904.0 | ||
| 008 | 220511b bu |||||r|||| 00| | bu d | ||
| 020 | _a9786197456660 | ||
| 040 | _aBLK | ||
| 041 |
_aBUL _cBUL |
||
| 080 |
_aБългарска литература _b821.163.2 _x-1 _z821.163.2-1 |
||
| 100 |
_aДякоf, Любел _eпърви автор _9480014 |
||
| 139 | _aДякоf, Любел | ||
| 245 |
_aСюжети _cЛюбел Дякоf _k |
||
| 250 | _a3. изд. | ||
| 260 |
_9391437 _aСофия _bБибл. България _c2022 |
||
| 300 |
_a80 с. _c20 см |
||
| 380 | _aX | ||
| 500 | _aЛюбел Дякоf - псевд. на авт. Любомира Стефанова Видева 1. изд. 2018 на изд. Фабрика за книги | ||
| 852 |
_aЦб 313446 _bЦб |
||
| 942 |
_cKNG _n0 _s1 |
||
| 944 |
_aCR _c2022-08-25 _kнр |
||